<?xml version="1.0" encoding="UTF-8"?>
<record
    xmlns:xsi="http://www.w3.org/2001/XMLSchema-instance"
    xsi:schemaLocation="http://www.loc.gov/MARC21/slim http://www.loc.gov/standards/marcxml/schema/MARC21slim.xsd"
    xmlns="http://www.loc.gov/MARC21/slim">

  <leader>01547nam a2200277Ia 4500</leader>
  <datafield tag="952" ind1=" " ind2=" ">
    <subfield code="0">0</subfield>
    <subfield code="1">0</subfield>
    <subfield code="4">0</subfield>
    <subfield code="7">0</subfield>
    <subfield code="a">03</subfield>
    <subfield code="b">03</subfield>
    <subfield code="d">2011-08-09</subfield>
    <subfield code="l">6</subfield>
    <subfield code="o">LB1028.3 B37 1999</subfield>
    <subfield code="p">03 000744</subfield>
    <subfield code="r">2016-08-31</subfield>
    <subfield code="s">2016-08-31</subfield>
    <subfield code="t">1</subfield>
    <subfield code="w">2012-07-20</subfield>
    <subfield code="y">LB</subfield>
  </datafield>
  <datafield tag="999" ind1=" " ind2=" ">
    <subfield code="c">81196</subfield>
    <subfield code="d">81196</subfield>
  </datafield>
  <controlfield tag="008">120720s19992207mx ad         000 0 spa d</controlfield>
  <datafield tag="020" ind1=" " ind2=" ">
    <subfield code="a">9789682458675 </subfield>
  </datafield>
  <datafield tag="050" ind1=" " ind2=" ">
    <subfield code="a">LB1028.3 </subfield>
    <subfield code="b">B37 1999</subfield>
  </datafield>
  <datafield tag="100" ind1=" " ind2=" ">
    <subfield code="a">Bates, A. W. (Tony)</subfield>
    <subfield code="e">autor</subfield>
  </datafield>
  <datafield tag="240" ind1=" " ind2=" ">
    <subfield code="a">Tecnnology, Open Leraning and Distance Education</subfield>
    <subfield code="l">espa&#xF1;ol</subfield>
  </datafield>
  <datafield tag="245" ind1="1" ind2="3">
    <subfield code="a">La tecnolog&#xED;a en la ense&#xF1;anza abierta y la educaci&#xF3;n a distancia </subfield>
    <subfield code="c"> /  A.W. Bates</subfield>
  </datafield>
  <datafield tag="260" ind1=" " ind2=" ">
    <subfield code="a">M&#xE9;xico </subfield>
    <subfield code="b"> : Trillas</subfield>
    <subfield code="c">, 1999</subfield>
  </datafield>
  <datafield tag="300" ind1=" " ind2=" ">
    <subfield code="a">334 p&#xE1;ginas</subfield>
  </datafield>
  <datafield tag="336" ind1=" " ind2=" ">
    <subfield code="a">texto</subfield>
  </datafield>
  <datafield tag="337" ind1=" " ind2=" ">
    <subfield code="a">sin medio</subfield>
  </datafield>
  <datafield tag="338" ind1=" " ind2=" ">
    <subfield code="a">volumen</subfield>
  </datafield>
  <datafield tag="500" ind1=" " ind2=" ">
    <subfield code="a">Incluye: &#xED;ndice onom&#xE1;stico (pp.323-334)</subfield>
  </datafield>
  <datafield tag="504" ind1=" " ind2=" ">
    <subfield code="a">Incluye: bibliograf&#xED;a (pp.317-322)</subfield>
  </datafield>
  <datafield tag="505" ind1=" " ind2=" ">
    <subfield code="a">Resumen ejecutivo.&#xBF;Qu&#xE9; hemos aprendido sobre la tecnolog&#xED;a, la ense&#xF1;anza abierta y la toma de decisiones?
Tecnolog&#xED;a, toma de decisiones y ense&#xF1;anza abierta y a distancia
Selecci&#xF3;n de tecnolog&#xED;as. Clasificaci&#xF3;n de las diferiencias
Televisi&#xF3;n. La trasmisi&#xF3;n educativa
Televisi&#xF3;n educativa
Textos impresos
Audio unidireccional. Radio y audiocassetes
Audio bidireccional.Ense&#xF1;anza por tel&#xE9;fono y audiogr&#xE1;ficos
Ense&#xF1;anza basada en computadora y multimedia
comunicaci&#xF3;n por computadora
Tecnolog&#xED;a y el futuro de la educaci&#xF3;n
 </subfield>
  </datafield>
  <datafield tag="519" ind1=" " ind2=" ">
    <subfield code="a">Plan Flexible /</subfield>
    <subfield code="b">Pedagog&#xED;a /</subfield>
    <subfield code="c">Nuevas Tecnolog&#xED;as aplicadas a la Educaci&#xF3;n (P20-2) / </subfield>
    <subfield code="d">(03 000744)</subfield>
  </datafield>
  <datafield tag="650" ind1="1" ind2="0">
    <subfield code="a">TECNOLOGIA EDUCATIVA</subfield>
  </datafield>
  <datafield tag="650" ind1="2" ind2="0">
    <subfield code="a">EDUCACION A DISTANCIA</subfield>
  </datafield>
  <datafield tag="700" ind1=" " ind2=" ">
    <subfield code="a">Santiago Cruz, Juan Samuel</subfield>
    <subfield code="e">traductor</subfield>
    <subfield code="d">traductor</subfield>
  </datafield>
  <datafield tag="700" ind1=" " ind2=" ">
    <subfield code="a">Santiago Cruz Julio Ra&#xFA;l</subfield>
    <subfield code="e">traductor</subfield>
    <subfield code="d">traductor</subfield>
  </datafield>
  <datafield tag="942" ind1=" " ind2=" ">
    <subfield code="c">LB</subfield>
  </datafield>
</record>
